Технология керамики для материалов электронной промышленности (Запись № 12147515)
[ простой вид ]
| 000 -МАРКЕР | |
|---|---|
| контрольное поле | 02087nam1a2200301 4500 |
| 001 - ИДЕНТИФИКАТОР ЗАПИСИ | |
| контрольное поле | RU\NLR\BIBL_A\012150848 |
| 005 - ИДЕНТИФИКАТОР ВЕРСИИ | |
| контрольное поле | 20241114221638.0 |
| 010 ## - МЕЖДУНАРОДНЫЙ СТАНДАРТНЫЙ НОМЕР КНИГИ (ISBN) | |
| Номер (ISBN) | 9785799626822 |
| 035 ## - ДРУГИЕ СИСТЕМНЫЕ НОМЕРА | |
| Идентификатор записи | (NLR Aleph) 012150848 |
| 100 ## - ДАННЫЕ ОБЩЕЙ ОБРАБОТКИ | |
| Данные общей обработки | 20191202g20199999u y0rusy50 ca |
| 101 0# - ЯЗЫК РЕСУРСА | |
| Язык текста, звукозаписи и т.д. | русский |
| 102 ## - СТРАНА ПУБЛИКАЦИИ ИЛИ ПРОИЗВОДСТВА | |
| Страна публикации | Российская Федерация |
| 105 ## - ПОЛЕ КОДИРОВАННЫХ ДАННЫХ: ТЕКСТОВЫЕ МАТЕРИАЛЫ, МОНОГРАФИЧЕСКИЕ | |
| Кодированные данные о монографическом текстовом документе | j |
| 200 1# - ЗАГЛАВИЕ И СВЕДЕНИЯ ОБ ОТВЕТСТВЕННОСТИ | |
| Основное заглавие | Технология керамики для материалов электронной промышленности |
| Сведения, относящиеся к заглавию | учебное пособие |
| -- | для студентов, обучающихся по направлениям подготовки 18.03.01 и 18.04.01 - Химическая технология |
| -- | в двух частях |
| Первые сведения об ответственности | А. С. Толкачева, И. А. Павлова |
| Последующие сведения об ответственности | Министерство науки и высшего образования Российской Федерации, Уральский федеральный университет имени первого Президента России Б. Н. Ельцина, [Институт новых материалов и технологий] |
| 210 ## - ПУБЛИКАЦИЯ, РАСПРОСТРАНЕНИЕ И ДР. | |
| Место издания, распространения и т.д. | Екатеринбург |
| Имя издателя, распространителя и т. д. | Изд-во Уральского университета |
| Дата издания, распространения и т.д. | 2019- |
| 215 ## - ФИЗИЧЕСКАЯ ХАРАКТЕРИСТИКА | |
| Размеры | 25 |
| 606 1# - НАИМЕНОВАНИЕ ТЕМЫ КАК ПРЕДМЕТ | |
| Наименование темы | Керамические материалы композиционные |
| Формальный подзаголовок | Учебные издания для высших учебных заведений |
| Системный номер авторитетной/нормативной записи | 2419736 |
| Идентификатор авторитетной/нормативной записи | RU\NLR\AUTH\661441108 |
| 606 ## - НАИМЕНОВАНИЕ ТЕМЫ КАК ПРЕДМЕТ | |
| Наименование темы | Радиоэлектронная аппаратура |
| Формальный подзаголовок | Учебные издания для высших учебных заведений |
| Тематический подзаголовок | Керамические материалы |
| Системный номер авторитетной/нормативной записи | 2563968 |
| Идентификатор авторитетной/нормативной записи | RU\NLR\AUTH\661516550 |
| 686 1# - ИНДЕКСЫ ДРУГИХ КЛАССИФИКАЦИЙ | |
| Индекс | Л428я73-1 |
| 686 1# - ИНДЕКСЫ ДРУГИХ КЛАССИФИКАЦИЙ | |
| Индекс | З843.411я73-1 |
| 700 #1 - ИМЯ ЛИЦА - ПЕРВИЧНАЯ ОТВЕТСТВЕННОСТЬ | |
| Начальный элемент ввода | Толкачева |
| Часть имени, кроме начального элемента ввода | А. С. |
| Расширение инициалов личного имени | Анна Сергеевна |
| 701 #1 - ИМЯ ЛИЦА - АЛЬТЕРНАТИВНАЯ ОТВЕТСТВЕННОСТЬ | |
| Начальный элемент ввода | Павлова |
| Часть имени, кроме начального элемента ввода | И. А. |
| Дополнения к именам, кроме дат | канд. техн. наук, хим. технологии |
| Расширение инициалов личного имени | Ирина Аркадьевна |
| Системный номер авторитетной/нормативной записи | 146761 |
| Идентификатор авторитетной/нормативной записи | RU\NLR\AUTH\770146797 |
| 852 ## - МЕСТОНАХОЖДЕНИЕ И ШИФР ХРАНЕНИЯ | |
| Идентификатор организации | NLR |
| Шифр хранения (Call Number) | 2019-7/7198 |
| 942 ## - ДОПОЛНИТЕЛЬНЫЕ ЭЛЕМЕНТЫ ЗАПИСИ (АБИС) | |
| Тип экземпляра АБИС | Книга |
| 980 ## - КОЛЛЕКЦИЯ | |
| Название коллекции | НБР |
Нет доступных экземпляров.